000 00794nam a2200253 a 4500
003 DO-SdBNP
005 20220708085030.0
007 ta
008 220614e2019 dr a|||gr|||| 00| 0dspa d
020 _a9789945088120
040 _aDO-SdBNP
_bspa
_cBNPHU
082 4 _222
_bP433 h
100 _934212
_aPerdomo, Omar Paíno,
_d1972-
245 1 0 _aLos Haitises:
_bcuento. /
_cOmar Paíno Perdomo; Ilustración, Daniel Ortega
260 _aSanto Domingo :
_bSoto,
_c2019
300 _a53 p. :
_bil.
_c22 cm.
500 _aIncluye datos biográficos del autor en las solapas de las cubierta.
590 _aInventariado 2022 / MF
650 4 _926903
_aCuento Dominicano
650 4 _9177
_aLiteratura Dominicana
700 _975144
_aOrtega, Daniel
_eil.
910 _aMFeliz
942 _2ddc
_cLBS1
999 _c52036
_d52036